| 000 | 00967nam a22002417a 4500 | ||
|---|---|---|---|
| 999 |
_c11417 _d11417 |
||
| 003 | AR-CdUCM | ||
| 008 | 190403b ||||| |||| 00| 0 spa d | ||
| 040 |
_aMUNICIPALIDAD PROVINCIAL DEL CUSCO _cBIBLIOTECA MUNICIPAL DEL CUSCO |
||
| 041 | _heng | ||
| 082 |
_a320.15 / _bK72 / 1949 |
||
| 100 |
_aKohn, Hans, _928766 |
||
| 245 | _aHistoria del nacionalismo / | ||
| 260 |
_aMéxico, D.F : _bFondo de Cultura Económica, _c1949. |
||
| 300 |
_a631 paginas ; _c24 cm. |
||
| 500 | _aTitulo original : The idea of nationalism | ||
| 505 | _aContenido : La naturaleza del nacionalismo -- De la organización tribal al universalismo -- La tradición universal -- La aparición del nacionalismo -- Príncipe y pueblo... | ||
| 650 |
_aCreación del Nacionalismo _928767 |
||
| 650 |
_aAcontecimientos históricos _928768 |
||
| 650 |
_aIndustrialismo y democracia _928769 |
||
| 700 |
_aCosío Villegas Samuel (Traductor) _928770 |
||
| 942 |
_2ddc _cLIBROS |
||
| 945 | _awnts | ||